| 000 | 00380nam a2200145Ia 4500 | ||
|---|---|---|---|
| 001 | 4643 | ||
| 008 | 241024s9999 xx 000 0 und d | ||
| 020 | _a978-9945-16-233-2 | ||
| 082 | _aRD/371.97293/M538e | ||
| 100 | _aWagner Mendez | ||
| 245 | 0 | _aEstrategias tácticas para la excelencia académica | |
| 260 |
_bEd. Búho _c2008 |
||
| 901 | _a14/7/2017 3:51:39 p.m. | ||
| 999 |
_c8767 _d8767 |
||